|
|
|
|
| LEADER |
01278nam a2200265 a 4500 |
| 001 |
3543958 |
| 008 |
091121s1997 nyu b 001 0 eng d |
| 010 |
|
|
|a 97030126
|
| 020 |
|
|
|a 0471155144 (acid-free paper)
|
| 040 |
|
|
|a DLC
|c DLC
|d DLC
|
| 082 |
0 |
0 |
|a 338.7/669142/0973
|2 21
|
| 100 |
1 |
|
|a Iverson, Ken.
|
| 245 |
1 |
0 |
|a Plain talk :
|b lessons from a business maverick /
|c Ken Iverson with Tom Varian.
|
| 260 |
|
|
|a New York :
|b Wiley,
|c c1998.
|
| 300 |
|
|
|a xi, 196 p. ;
|c 22 cm.
|
| 504 |
|
|
|a Includes bibliographical references (p. 194) and index.
|
| 541 |
1 |
|
|e 00011047
|
| 610 |
2 |
0 |
|a Nucor Corporation
|x History.
|
| 650 |
|
0 |
|a Steel industry and trade
|z United States
|x Management
|x Case studies.
|
| 650 |
|
0 |
|a Industrial management
|z United States
|x Case studies.
|
| 700 |
1 |
|
|a Varian, Tom.
|
| 852 |
4 |
|
|a Ayesha Abed Library
|j General Shelf
|
| 999 |
|
|
|c 5759
|d 5759
|
| 952 |
|
|
|0 0
|1 0
|2 ddc
|4 0
|6 338_766914209730000_IVE_1998
|7 0
|9 5698
|a BRACUL
|b BRACUL
|c GEN
|d 2009-11-22
|g 0.00
|l 4
|m 24
|o 338.76691420973 IVE
|p 3010011047
|r 2018-12-05
|s 2018-11-06
|t 1
|w 2009-11-22
|y BK
|x No price found in the accession register.
|
| 952 |
|
|
|0 0
|1 0
|2 ddc
|4 0
|6 338_766914209730000_IVE
|7 0
|9 54173
|a SCL
|b SCL
|c GEN
|d 2015-06-09
|e Gift: The Asia Foundation
|l 1
|m 9
|o 338.76691420973 IVE
|p 3020002940
|r 2020-03-10
|s 2020-01-16
|t 2
|w 2015-06-09
|y BK
|